000 00895nam a2200253Ia 4500
003 OSt
005 20220923221014.0
006 a|||||r|||| 00| 0
007 ta
008 220922b |||||||| |||| 00| 0 hin d
024 _a193,671
037 _cTextual
040 _aARTS
_cARTS
_bhin
041 _2hin
_ahin
082 _aO152,3xN5, M2
100 _aसिन्हा, बिन्दू, आदि
_9159054
245 0 _aपॉंच उपन्यसिकाएॅं पॉंच लेखिकाएं
246 _aPaॉancha upanyasikāeॅan paॉancha lekhikāean
260 _aपटना
_b पारिजात प्रका0
_c1982
300 _a143पृ.
_ccm.
650 _aहिन्दी साहित्य
_9156264
942 _hO152,3xN5, M2
_cTEXL
_2CC
999 _c346109
_d346109